000 00537nam a22002057a 4500
005 20260409103751.0
008 260409b |||||||| |||| 00| 0 eng d
020 _a9789348179920
040 _cFLL
041 _2Eng
_aEng
084 _aZ2,3 R2
100 _aSingh,Avtar
245 _aLaw of Contract & Specific Relief
_bA study of the Contract Act,1872
250 _a13th
260 _aLucknow,India
_bEBC
_c2022
300 _acxxxii,988p.
650 _aLaw of Contract
700 _aKapoor, Rajesh
_9812237
942 _2CC
_cTB
999 _c1848137
_d1848137